Элементы теории системного управления образованием; Ч. 2; Основные понятия и задачи

التفاصيل البيبلوغرافية
المؤلف الرئيسي: Сериков Г. Н.
مؤلف مشترك: Челябинский государственный технический университет
اللغة:الروسية
منشور في: Челябинск, Изд-во ЧГТУ, 1995
الموضوعات:
التنسيق: كتاب
KOHA link:https://koha.lib.tpu.ru/cgi-bin/koha/opac-detail.pl?biblionumber=6590

MARC

LEADER 00000nam0a2200000 4500
001 6590
005 20231030180208.0
010 |a 5696003613 
035 |a (RuTPU)RU\TPU\book\6626 
035 |a BOOK00006683 
090 |a 6590 
100 |a 20011209d1995 k y0rusy50 ca 
101 0 |a rus 
102 |a RU 
105 |a y z 000zy 
200 1 |a Элементы теории системного управления образованием  |h Ч. 2  |i Основные понятия и задачи  |f Г. Н. Сериков  |g Челябинский государственный технический университет 
210 |a Челябинск  |c Изд-во ЧГТУ  |d 1995 
215 |a 180 с. 
610 1 |a образование 
610 1 |a высшее образование 
610 1 |a вузы 
610 1 |a управление 
686 |a Ч484(2)  |v LBC/SL-A  |2 rubbk 
700 1 |a Сериков  |b Г. Н. 
712 0 2 |a Челябинский государственный технический университет  |2 stltpush  |3 (RuTPU)RU\TPU\col\127 
801 0 |a RU  |b 63413507  |c 20011209  |g PSBO 
801 2 |a RU  |b 63413507  |c 20070425  |g PSBO 
942 |c BK